Catálogo
 En Linea

La sociología en Venezuela / (Registro nro. 14443)

Detalles MARC
000 -CABECERA
campo de control de longitud fija 00895cam a2200253 a 4500
001 - NÚMERO DE CONTROL
campo de control 000014863
005 - FECHA Y HORA DE LA ÚLTIMA TRANSACCIÓN
campo de control 20200929163918.0
008 - DATOS DE LONGITUD FIJA--INFORMACIÓN GENERAL
campo de control de longitud fija 760317s1972 ve 001 0 spa d
035 ## - NÚMERO DE CONTROL DEL SISTEMA
Número de control de sistema (DLC) 62050457
035 ## - NÚMERO DE CONTROL DEL SISTEMA
Número de control de sistema (OCoLC)2055673
040 ## - FUENTE DE LA CATALOGACIÓN
Centro catalogador/agencia de origen DO-SdBNP
Centro/agencia transcriptor NcU
Centro/agencia modificador DLC
-- BNPHU
082 ## - NÚMERO DE LA CLASIFICACIÓN DECIMAL DEWEY
Número de clasificación 301.987
Número de documento/Ítem A339s
049 ## - FONDOS LOCALES (OCLC)
Fondos de biblioteca BNGR
100 1# - ENTRADA PRINCIPAL--NOMBRE DE PERSONA
Nombre de persona Albornoz, Orlando,
Fechas asociadas al nombre 1932-
9 (RLIN) 29047
245 13 - MENCIÓN DE TÍTULO
Título La sociología en Venezuela /
Mención de responsabilidad, etc. Orlando Albornoz.
260 ## - PUBLICACIÓN, DISTRIBUCIÓN, ETC.
Lugar de publicación, distribución, etc. Caracas :
Nombre del editor, distribuidor, etc. Universidad Central de Venezuela, Facultad de Economía, Escuela de Sociología y Antropología,
Fecha de publicación, distribución, etc. 1972.
300 ## - DESCRIPCIÓN FÍSICA
Extensión 240 p. ;
Dimensiones 20 cm.
490 1# - MENCIÓN DE SERIE
Mención de serie Estudios sociales
Designación de volumen o secuencia 1
504 ## - NOTA DE BIBLIOGRAFÍA, ETC.
Nota de bibliografía, etc. Incluye referencias bibliográfica (p. 239-240).
650 #4 - PUNTO DE ACCESO ADICIONAL DE MATERIA--TÉRMINO DE MATERIA
Término de materia o nombre geográfico como elemento de entrada Sociología
Subdivisión geográfica Venezuela
Subdivisión general Historia
9 (RLIN) 33668
650 #4 - PUNTO DE ACCESO ADICIONAL DE MATERIA--TÉRMINO DE MATERIA
Término de materia o nombre geográfico como elemento de entrada Venezuela
Subdivisión geográfica Condiciones Sociales
9 (RLIN) 33669
830 #0 - PUNTO DE ACCESO ADICIONAL DE SERIE-TÍTULO UNIFORME
Título uniforme Estudios sociales ;
Designación de volumen o secuencia 1
9 (RLIN) 7147
910 ## - DATOS DE OPCIÓN DEL USUARIO (OCLC)
Datos de opción del usuario Catalogación derivada / LC
Existencias
Estado de retiro Estado de pérdida Restricciones de uso No para préstamo Código de colección Localización permanente Ubicación/localización actual Ubicación en estantería Fecha de adquisición Número de inventario Total de préstamos Signatura topográfica completa Código de barras Fecha visto por última vez Precio válido a partir de Tipo de ítem Koha
        Monografías: Libros y Folletos General General En catalogación 26.01.2010 LF1   301.987 A339s 14863-10 25.06.2020 25.06.2020 Préstamo en sala

Con tecnología Koha